Missing Word: 'D' Names Quiz Stats

Quiz Updated Mar 9, 2016

Challenge
Share
Tweet
Embed
Score 0/24 Timer 02:00
2 Plays Today
Full Name Missing Name % Correct
_____ DuckDonald
95%
_____ BeckhamDavid
93.9%
_____'s ChildDestiny
92.4%
Matt _____Damon
89.7%
Neil _____Diamond
89.3%
_____ BooneDaniel
82.8%
James _____Dean
82.1%
_____ MooreDemi
80.3%
Charles _____Darwin
76.9%
_____ CarveyDana
73.8%
Little _____Debbie
71.1%
_____ GaleDorothy
68.6%
Full Name Missing Name % Correct
John _____Denver
67.8%
Samson & _____Delilah
67.2%
_____ DukeDaisy
65.7%
_____ PatrickDanica
65.6%
_____ AlighieriDante
50.4%
_____ ZoolanderDerek
48.3%
Bobby _____Darin
44%
Tony Orlando & _____Dawn
41%
Stephen A. ______Douglas
39.5%
_____ MaradonaDiego
35.9%
Alan-a-_____Dale
24.9%
_____ NedryDennis
14.5%

Today's Daily Dose

Missing Word
1971 Movies A-Z

Word Ladder
Complete Tour

Quick Pick
Logo Colors

On This Day
January 19th

You're not logged in!

Compare scores with friends on all Sporcle quizzes.
Sign Up with Email
OR
Log In

You Might Also Like...

Show Comments

Extras

Top Quizzes Today


Score Distribution

Your Account Isn't Verified!

In order to create a playlist on Sporcle, you need to verify the email address you used during registration. Go to your Sporcle Settings to finish the process.